000 03420cam a22005774i 4500
003 PE-LiUPU
005 20250731184510.0
008 150317s2014 pe ab b 000 0 spa d
020 _a9789972465314
020 _a9972465314
035 _a(Sirsi) i9789972465314
040 _aTJC
_bspa
_erda
_cTJC
_dEMU
_dOCLCF
_dCGU
_dPE-LiUPU
041 1 _aspa
_hfre
049 _aPRUA
050 4 _aF3410
_b.M466 2014
082 0 4 _a930.1
_bM4
_220
245 0 0 _aMemoria territorial y patrimonial :
_bartes & fronteras /
_ceditores, Eric Bonnet, François Soulages, Juliana Zevallos Tazza ; traducción de los textos al español, Juliana Zevallos Tazza.
250 _aPrimera edición.
264 1 _aLima, Perú :
_bUniversidad Nacional Mayor de San Marcos, Fondo Editorial,
_c2014.
300 _a210 páginas :
_bilustraciones ;
_c22 centímetros.
336 _text
_2rdacontent
337 _unmediated
_2rdamedia
338 _volume
_2rdacarrier
504 _aBibliografía en todo el docuemento.
505 0 _aEl inconsciente fronterizo / François Soulages -- Lima : el patrimonio monumental y el impase urbano territorial / José Canziani -- Secuencia cultural del Bajo Chillón y Ancón / Alberto Bueno Mendoza -- Hacia el bicentenario : ¿se puede recuperar Punchauca? / Edgar Quispe Pastrana -- Comas, historia y tradición de un distrito de Lima Norte / Santiago Tácunan Bonifacio -- La casa hacienda de Santiago de Punchauca y su capilla, patrimonio arquitectónico recuperable / Mariana Mould de Pease -- Lima milenaria : una propuesta para una ciudad sin memoria--el caso de Carabayllo / Javier Lizarzaburu -- El Museo Monumental de Huaura : una propuesta de gestión con miras a la celebración del bicentenario de la Independencia / Anita Tavera -- La ciencia de los materiales y la arqueología en el estudio de nuestro legado cultural / Alcides López Milla -- Percepciones metafóricas entre arte, territorio y patrimonio / Juliana Zevallos Tazza -- La célula urbana : interviniendo nuestra memoria construida en Punchauca / Arq. Juan Manuel del Castillo, Mag. Arq. José Hayakawa y Arq. Israel Leandro -- Primavera en el barrio / Jorge Rodríguez Mallqui -- Patrimonio, interculturalidad, ciudadanía / Herbert Rodríguez -- Las fronteras del tiempo, patrimonio histórico y creación contemporánea / Eric Bonnet.
526 _aP136
526 _aP135
526 _aP134
526 _aP133
526 _aP144
526 _aP143
526 _aP87
526 _aP35
526 _aP20
526 _aP14
526 _aP10
526 _aP06
541 _g060-0024019;
546 _aAlgunos textos traducidos del francés , presumiblemente.
650 0 _aArquitectura
_zPeru.
650 0 _aArte
_zPeru.
650 0 _aLos bienes culturales
_zPeru.
700 1 _aBonnet, Eric,
_d1951-
_eeditor.
700 1 _aSoulages, François,
_eeditor.
700 1 _aZevallos Tazza, Juliana,
_eeditor,
_etraductor.
942 _2ddc
_cBOOK
949 _a930.1 M4
_wDEWEY
_c1
_i74150
_lCCODEBUL1
_mBUL
_p14.29
_r0
_sY
_tBOOK
_u2016-8-12
_xEDUCACION
_PP06
_0COMPRA
_o.STAFF. Colección General
994 _aC0
_bPEPRU
596 _a1
999 _a930.1 M4
_wDEWEY
_c11864
_i74150
_d11864
_e2020-1-8
_f2021-11-9
_g5
_lCCODEBUL1
_mBUL
_n1
_p14.29
_q1
_r0
_sY
_tBOOK
_u2016-8-12
_xEDUCACION
_PP06
_0COMPRA
_o.STAFF. Colección General
980 _81
_gALBERTO SANCHEZ Responsable de Automatización